A beszámítási képességet kizáró ittasság és a büntetőjogi felelősség

Elmentve itt :
Bibliográfiai részletek
Szerző: Tánczos Ágnes
További közreműködők: Nagy Ferenc (Témavezető)
Dokumentumtípus: Szakdolgozat
Megjelent: 2011
Tárgyszavak:
Law
Online Access:http://diploma.bibl.u-szeged.hu/131448
LEADER 00740nta a2200193 i 4500
001 dipl131448
005 20221118162614.0
008 221118s2011 hu om 0|| hun d
040 |a SZTE Diploma Repozitórium  |b hun 
041 |a hun 
100 1 |a Tánczos Ágnes 
245 1 2 |a A beszámítási képességet kizáró ittasság és a büntetőjogi felelősség  |h [elektronikus dokumentum] /  |c Ágnes Tánczos 
246 1 0 |a Alcohol Intoxication and Criminal Law Responsibility  |h [elektronikus dokumentum] 
260 |c 2011 
650 4 |a Jogi és igazgatási tanulmányok 
650 4 |a Social sciences 
650 4 |a Law 
700 1 |a Nagy Ferenc  |e ths 
856 4 0 |u https://diploma.bibl.u-szeged.hu/id/eprint/131448/1/2011_tanczos_agnes.pdf  |z Dokumentum-elérés